Managerial Economics (Record no. 745)

MARC details
000 -LEADER
fixed length control field 00423nam a22001697a 4500
005 - DATE AND TIME OF LATEST TRANSACTION
control field 20180321130923.0
008 - FIXED-LENGTH DATA ELEMENTS--GENERAL INFORMATION
fixed length control field 160513b xxu||||| |||| 00| 0 eng d
020 ## - INTERNATIONAL STANDARD BOOK NUMBER
ISBN 10-0-19-567693-8
041 ## - LANGUAGE CODE
Language code of text/sound track or separate title eng
082 ## - DEWEY DECIMAL CLASSIFICATION NUMBER
Item number 2025
Classification number 338.5024658
100 ## - MAIN ENTRY--AUTHOR NAME
Personal name Suma Damodaran
245 ## - TITLE STATEMENT
Title Managerial Economics
260 ## - PUBLICATION, DISTRIBUTION, ETC. (IMPRINT)
Place of publication New Delhi
Name of publisher Oxford University Press
Year of publication 2008
300 ## - PHYSICAL DESCRIPTION
Number of Pages 473
650 ## - SUBJECT ADDED ENTRY--TOPICAL TERM
Topical Term Management
942 ## - ADDED ENTRY ELEMENTS (KOHA)
Koha item type Books
Holdings
Lost status Damaged status Collection code Home library Current library Shelving location Date acquired Cost, normal purchase price Full call number Accession Number Koha item type
    MANAGEMENT JRU Library JRU Library SHELF-60-B 13/05/2016 265.00 338.502 465 8 2025 Books
    MANAGEMENT JRU Library JRU Library SHELF-60-B 13/05/2016 265.00 338.502 465 8 2026 Books
    MANAGEMENT JRU Library JRU Library SHELF-60-B 13/05/2016 265.00 338.502 465 8 2027 Books
    MANAGEMENT JRU Library JRU Library SHELF-60-B 13/05/2016 265.00 338.502 465 8 2028 Books
    MANAGEMENT JRU Library JRU Library SHELF-60-B 13/05/2016 265.00 338.502 465 8 2029 Books
    MANAGEMENT JRU Library JRU Library SHELF-60-B 13/05/2016 265.00 338.502 465 8 2030 Books
    Reference JRU Library   SHELF-28-C 13/05/2016 265.00 338.502 465 8 2031 Books
    MANAGEMENT JRU Library JRU Library SHELF-60-B 13/05/2016 265.00 338.502 465 8 2032 Books
    MANAGEMENT JRU Library JRU Library SHELF-60-B 13/05/2016 265.00 338.502 465 8 2033 Books
    MANAGEMENT JRU Library JRU Library SHELF-60-B 13/05/2016 265.00 338.502 465 8 2034 Books